| 000 | 00878 a2200217 4500 | ||
|---|---|---|---|
| 001 | 57765 | ||
| 005 | 20260407155837.0 | ||
| 008 | 260407a2007 arg spa d | ||
| 003 | AR-UNSa-BCEJYS | ||
| 040 |
_aAR-UNSa-BCEJYS _bspa _cAR-UNSa-BCEJYS |
||
| 080 |
_a339.92 _xCooperación económica internacional. Integración económica internacional |
||
| 245 | 1 | 0 |
_aLa problemática de la coordinación de políticas en la integración _pCaso Mercosur |
| 020 | _a978-987-1330-07-2 | ||
| 264 | 1 |
_aCórdoba : _bAdvocatus _c2007 |
|
| 300 |
_a139 p. _c22 cm. |
||
| 505 | _a1. Introducción – 2. Factores que afectan la profundización de la investigación en el Mercosur (primera línea de investigación planteada) – 3. Agenda del Mercosur para el mediano y largo plazo | ||
| 041 | _aspa | ||
| 942 | _cBK | ||
| 590 | _aniveau_biblio:m niveau_hierar:0 | ||
| 100 | 1 | _aLuna, Manuel | |
| 999 |
_c6277 _d6277 |
||